| 000 | 00874cam a22002054a 4500 | ||
|---|---|---|---|
| 005 | 20250605164131.0 | ||
| 008 | 250528s ||||||||||||||||||||||||d | ||
| 035 | _a18642 | ||
| 020 | _a855332220 | ||
| 040 |
_aGR-AtMCL _bgre _dGR-AtMCL _eAACR2 |
||
| 245 | 1 | _aPhotographing Children / Master Classes in Photography | |
| 260 |
_bMitchell Beazley Publishers Limited, _c1980 |
||
| 300 | _a162 | ||
| 505 | 0 | _aIntroduction, Portfolio, Cameras and Equipment, Applying the Photographer's Skills, Analysing the Photographer's Craft, Photofeature: The Daredevil Imps, Index, Acknowledgements. | |
| 520 | _aIntroduction, Portfolio, Cameras and Equipment, Applying the Photographer's Skills, Analysing the Photographer's Craft, Photofeature: The Daredevil Imps, Index, Acknowledgements. | ||
| 700 | 1 |
_aHedgecoe John _94907 |
|
| 942 | _cBK | ||
| 999 |
_c3989 _d3989 |
||